Ύδωρ βασιλεύς Αδριανός εσήγαγεν εκ Στυμφήλου : το Αδριάνειο υδραγωγείο της Κορύνθου και η μεταφορά του νερού στα ρωμαϊκά χρόνια

Αποθηκεύτηκε σε:
Λεπτομέρειες βιβλιογραφικής εγγραφής
Κύριος συγγραφέας: Λώλος, Γιάννης Α.
Μορφή: Βιβλίο
Γλώσσα:Greek
Δημοσίευση: Αθήνα : Πολιτιστικό Ίδρυμα Ομίλου Πειραιώς, 2010
Θέματα:
Ετικέτες: Προσθήκη ετικέτας
Δεν υπάρχουν, Καταχωρήστε ετικέτα πρώτοι!

MARC

LEADER 00000cam a2200000 i 4500
001 1/22136
008 120730s2010 gre d
020 |a 978-960-244-144-2 
035 |l 10113000 
040 |a GR-MY-UA  |b gre  |e aacr 
041 0 |a gre 
082 0 |a 628.1509495  |2 (22) 
100 1 |a Λώλος, Γιάννης Α. 
245 1 0 |a Ύδωρ βασιλεύς Αδριανός εσήγαγεν εκ Στυμφήλου :  |b το Αδριάνειο υδραγωγείο της Κορύνθου και η μεταφορά του νερού στα ρωμαϊκά χρόνια /  |c Γιάννης Λώλος 
260 |a Αθήνα :   |b Πολιτιστικό Ίδρυμα Ομίλου Πειραιώς,   |c 2010 
300 |a 47 σ.;  |b εικ.;  |c 21x21 εκ. 
650 0 0 |a Architecture, Roman. 
650 0 0 |a Aqueducts  |z Greece. 
650 0 0 |a Hydraulic structures. 
651 0 |a Corinth (Greece)  |x Antiquities. 
852 |a INST  |b LESVOS  |e 20120730  |h 628.1509495 ΛΩΛ  |p 005100052148  |q 005100052148  |t BK  |y 4  |x 20200115 
901 |a BIBL1-2012-2 
909 |a Λ  |b 176122 
970 |a ΤΖΑΦΕΡΗ  |b ΕΥΑΓΓΕΛΙΑ  |z 2012/07/30